000 00629nab a2200193 4500
001 244442
003 OSt
005 20260126125443.0
007 tu
008 260126s2020|||||||
040 _aDE-2950
_cDE-2950
245 0 0 _aNeues Gutachten für Booßen kommt
_bBahnverkehr. Nach fast 30 Jahren könnte der Bahnhalt im Ortsteil reaktiviert werden. Die Analyse wird bereits im Februar beauftragt/
_csam
264 _c2025
653 _aFrankfurt (Oder) - Booßen
653 _aBahnhalt
653 _aGutachten
773 0 _g37. Jahrgang (2026) Nr. 14 vom 17.01.2026 , S. 19 mit Foto
_tMärkische Oderzeitung
942 _2z
_cA
999 _c374212
_d374212